000 00637nam a2200181Ia 4500
008 100920s9999 xx 000 0 und d
082 _b100202
_a150 न 05
100 _aमराठे श्याम.
245 _aशर्यत तुमची वेळेशी.
260 _bइंद्रायणी साहित्य प्रकाशन पुणे 30.
_c2005
300 _a124
_bसाधी
365 _b80
520 _aशाउ.
630 _aशर्यत तुमची वेळेशी.
650 _aशाउ.
730 _aशर्यत तुमची वेळेशी.
942 _cBOOK
999 _c740640
_d740637